00619 a2200181 4500020001200000050000800012110002400020245019600044264003600240300001200276500003100288650003500319700001600354700001600370700002000386700001600406700001500422 aNO ISBN00aLAW1 aRhodesia, Southern.14aThe statute law of Southern Rhodesia, in force on the Ist day oJanuary,1939 /cRev. ed. Prepared under the authority of the Revised edition of the laws act, 1937, by Russell ,A.F [and others] aHarare:bRoworth Limited,c1937 a615p. : aincludes table of contents astatute lawxSouthern Rhodesia1 aHudson, R.J1 aMorton, R.J1 aGreenfield, J.M1 aDendy,Young1 aEvans, A.D